[Event "Lisbon-ch"]
[Site "Lisbon"]
[Date "2015.01.29"]
[Round "2"]
[White "Daud, Rafic"]
[Black "Martins, Abilio Morgado"]
[Result "0-1"]
[WhiteElo "1654"]
[BlackElo "1489"]
[PlyCount "100"]
[EventDate "2015.01.27"]
[EventType "swiss"]
[EventRounds "7"]
[EventCountry "POR"]
[SourceTitle "CBM 164 Extra"]
[Source "ChessBase"]
[SourceDate "2015.03.02"]
[SourceVersion "1"]
[SourceVersionDate "2015.03.02"]
[SourceQuality "1"]

1. e4 c5 2. Nf3 e6 3. d4 cxd4 4. Nxd4 Nf6 5. Bg5 Be7 6. Nc3 a6 7. Qd2 Nc6 8. Be2 0-0 9. a3 h6 10. Be3 Qa5 11. Nb3 Qc7 12. f3 b6 13. Bf2 Nh5 14. Be3 Nf6 15. f4 d6 16. Bf3 Bb7 17. Na4 b5 18. Nc3 Rfd8 19. Qf2 Qb8 20. Ne2 b4 21. a4 a5 22. 0-0 Rc8 23. Nd2 Nd8 24. Rac1 Nd7 25. f5 e5 26. Qg3 Kh7 27. Bh5 Kh8 28. Qh3 Nf6 29. Rf3 d5 30. Rg3 Bc5 31. Bxc5 Rxc5 32. exd5 Rxd5 33. Nf3 Qd6 34. Ng5 Rd1+ 35. Rxd1 Qxd1+ 36. Kf2 Qd7 37. Rd3 Bd5 38. Bf3 Qa7+ 39. Kf1 e4 40. Rxd5 exf3 41. Rxd8+ Rxd8 42. Nxf3 Qe3 43. Nfd4 Qe4 44. Qg3 Rxd4 45. Nxd4 Qxd4 46. Qd3 Qxb2 47. Qd8+ Kh7 48. Qxa5 Qc1+ 49. Kf2 Qxc2+ 50. Kf3 b3 0-1